[Event "Accession B 2012/2013"]
[Site "Vitrolles"]
[Date "2012.10.06"]
[Round "1"]
[White "Mohammed, Gibran"]
[Black "Savalle, Mathilde"]
[Result "0-1"]
[WhiteElo "1444"]
[BlackElo "1696"]
[PlyCount "70"]

1. e4 c5 2. Nf3 Nc6 3. d4 cxd4 4. Nxd4 Nf6 5. Nc3 d6 6. Bb5 Bd7 7. O-O a6 8.
Be2 e6 9. Bg5 h6 10. Bxf6 Qxf6 11. Nb3 Qd8 12. f4 Be7 13. Nd4 Qb6 14. Kh1 Nxd4
15. Bd3 Qxb2 16. Qd2 Rc8 17. Ne2 Nxe2 18. Qxe2 Qc3 19. f5 Bf6 20. Rac1 O-O 21.
Rf3 Qb2 22. Rcf1 e5 23. Rh3 Ba4 24. Qg4 Kh7 25. c4 Qd2 26. Kg1 b5 27. cxb5 axb5
28. Qh5 Rc1 29. g4 Bg5 30. Rhf3 Rxf1+ 31. Bxf1 Qd1 32. Rh3 Qd4+ 33. Kh1 Qxe4+
34. Bg2 Qe1+ 35. Bf1 Qxf1# 0-1

[Event "Accession B 2012/2013"]
[Site "Vitrolles"]
[Date "2012.10.06"]
[Round "1"]
[White "Parroco, Pierre-Jean"]
[Black "Madranges, Jean"]
[Result "0-1"]
[WhiteElo "1713"]
[BlackElo "1831"]
[PlyCount "80"]

1. e4 e6 2. d4 d5 3. Nc3 Bb4 4. e5 c5 5. a3 Bxc3+ 6. bxc3 Qa5 7. Bd2 Qa4 8. Rb1
c4 9. Qc1 Nc6 10. Be2 Nge7 11. Nf3 b5 12. O-O Bd7 13. h4 O-O-O 14. Ng5 Rdf8 15.
f4 f6 16. Nf3 Be8 17. Qb2 a6 18. g3 Bh5 19. Rbe1 Bxf3 20. Bxf3 f5 21. Ra1 Kd7
22. Rfb1 Nc8 23. Qc1 Nb6 24. Rb4 Qa5 25. a4 Nxa4 26. Rbb1 Qc7 27. Qe1 Ra8 28.
Bc1 h5 29. Ba3 Qa5 30. Bb2 g6 31. Qe3 Rhb8 32. Re1 b4 33. Bxd5 exd5 34. cxb4
Qxb4 35. e6+ Kc7 36. Ba3 Qc3 37. e7 Qxd4 38. Kh2 Qxe3 39. Rxe3 Re8 40. Bc5 Nxc5
0-1

[Event "Accession B 2012/2013"]
[Site "Vitrolles"]
[Date "2012.10.06"]
[Round "1"]
[White "Scamaroni, Jean-Paul"]
[Black "Joubert, Leo"]
[Result "0-1"]
[WhiteElo "1678"]
[BlackElo "1734"]
[PlyCount "118"]

1. d4 Nf6 2. c4 e6 3. Nc3 Bb4 4. Qc2 O-O 5. Nf3 b6 6. e3 Bb7 7. Be2 d5 8. a3
Be7 9. cxd5 exd5 10. O-O c5 11. b3 Nbd7 12. Bb2 Rc8 13. Qd2 Ne4 14. Qe1 Ndf6
15. Rc1 Bd6 16. dxc5 bxc5 17. Nb1 Qb6 18. Nbd2 Bb8 19. Qd1 Rfd8 20. Be5 Bxe5
21. Nxe5 Qa5 22. Nb1 Qc7 23. Nf3 c4 24. Qc2 Ba6 25. Nd4 Qe5 26. b4 Nd6 27. a4
Nfe4 28. b5 Bb7 29. Nc3 Nxc3 30. Qxc3 Ne4 31. Qc2 Nc5 32. Qf5 f6 33. Bd1 g6 34.
Qb1 f5 35. a5 f4 36. Nf3 Qe4 37. Bc2 Nd3 38. exf4 d4 39. Rfe1 Qd5 40. Bxd3 cxd3
41. Rxc8 Rxc8 42. Qxd3 Rc5 43. Rb1 Rc4 44. a6 Ba8 45. Re1 Qxb5 46. Rb1 Rc1+ 47.
Rxc1 Qxd3 48. Rc8+ Kg7 49. Rc7+ Kf6 50. Rf7+ Ke6 51. Ng5+ Kd6 52. Rf6+ Kc5 53.
h3 Qb1+ 54. Kh2 d3 55. Ne6+ Kc4 56. Nc7 Bd5 57. Rd6 d2 58. Nxd5 Kc5 59. Rd8
d1=Q 0-1

[Event "Accession B 2012/2013"]
[Site "Vitrolles"]
[Date "2012.10.20"]
[Round "2"]
[White "Figier, Anthony"]
[Black "Scamaroni, Jean-Paul"]
[Result "1-0"]
[WhiteElo "1764"]
[BlackElo "1678"]
[PlyCount "73"]

1. d4 Nf6 2. c4 g6 3. g3 Bg7 4. Bg2 O-O 5. Nf3 d6 6. O-O Nbd7 7. Nfd2 c5 8. d5
Rb8 9. a4 a6 10. Nc3 b6 11. h3 Qc7 12. Ra3 Re8 13. Rb3 Nf8 14. e4 N6d7 15. f4
Bd4+ 16. Kh2 e5 17. Ne2 exf4 18. Nxd4 fxg3+ 19. Rxg3 cxd4 20. b3 Ne5 21. Nf3
Nxf3+ 22. Rgxf3 f5 23. Qxd4 Rxe4 24. Qxe4 fxe4 25. Rxf8+ Kg7 26. Bb2+ Kh6 27.
R8f7 Qc5 28. b4 Qxc4 29. Bc1+ Qxc1 30. Rxc1 Bf5 31. Rcc7 Re8 32. h4 Kh5 33.
Rfe7 Rxe7 34. Rxe7 Kxh4 35. Bxe4 h5 36. Bxf5 gxf5 37. Re6 1-0

[Event "Accession B 2012/2013"]
[Site "Vitrolles"]
[Date "2012.10.20"]
[Round "2"]
[White "Muhajiz, Gibran"]
[Black "Parroco, Pierre-Jean"]
[Result "1/2-1/2"]
[WhiteElo "1444"]
[BlackElo "1713"]
[PlyCount "92"]

1. e4 e5 2. Nf3 Nc6 3. d4 exd4 4. Nxd4 Nf6 5. Nc3 Bb4 6. Nxc6 bxc6 7. Bd3 d5 8.
exd5 cxd5 9. O-O O-O 10. Bg5 c6 11. Qf3 Be7 12. Rfe1 Be6 13. Ne2 h6 14. Bh4 Qd7
15. h3 Rae8 16. Nd4 Nh7 17. Bxe7 Rxe7 18. Nf5 Bxf5 19. Rxe7 Qxe7 20. Qxf5 Nf6
21. Kf1 Re8 22. Rd1 Qe5 23. Qxe5 Rxe5 24. c4 Kf8 25. cxd5 Rxd5 26. Be2 Rxd1+
27. Bxd1 c5 28. Ke2 Nd7 29. Kd3 Ke7 30. Kc4 Kd6 31. g3 a6 32. f4 Nb6+ 33. Kd3
f6 34. Bb3 g5 35. Bc4 a5 36. Bg8 gxf4 37. gxf4 Nd5 38. Bxd5 Kxd5 39. b3 Kd6 40.
Kc4 Kc6 41. h4 h5 42. a4 f5 43. Kc3 Kd6 44. Kc4 Kc6 45. Kc3 Kd5 46. Kd3 Kd6
1/2-1/2

[Event "Accession B 2012/2013"]
[Site "Vitrolles"]
[Date "2012.10.20"]
[Round "2"]
[White "Savalle, Mathilde"]
[Black "Joubert, Leo"]
[Result "1/2-1/2"]
[WhiteElo "1696"]
[BlackElo "1734"]
[PlyCount "58"]

1. e4 c5 2. Nf3 Nc6 3. d4 cxd4 4. Nxd4 g6 5. c4 Bg7 6. Be3 Nf6 7. Nc3 d6 8. Be2
O-O 9. O-O Bd7 10. h3 Nxd4 11. Bxd4 Bc6 12. Bf3 Nd7 13. Bxg7 Kxg7 14. Be2 Nc5
15. Qc2 e5 16. Rad1 Ne6 17. Qd2 Nd4 18. Bd3 f5 19. exf5 gxf5 20. Ne2 Nxe2+ 21.
Bxe2 Rf6 22. Kh2 Rg6 23. Rg1 Qh4 24. g3 Qf6 25. b4 Rc8 26. Rc1 Rd8 27. Qc2 d5
28. cxd5 Rxd5 29. Bc4 Rd4 1/2-1/2

[Event "Accession B 2012/2013"]
[Site "Vitrolles"]
[Date "2012.10.20"]
[Round "2"]
[White "Arthaud, Geoffrey"]
[Black "Charvein, Gabriel"]
[Result "0-1"]
[WhiteElo "1630"]
[BlackElo "1813"]
[PlyCount "96"]

1. d4 Nf6 2. c4 g6 3. Nc3 Bg7 4. e4 d6 5. Nf3 O-O 6. Be2 Nbd7 7. O-O e5 8. Re1
exd4 9. Nxd4 Nc5 10. f3 c6 11. b4 Ne6 12. Nxe6 Bxe6 13. Bb2 Qb6+ 14. Kh1 Qxb4
15. Qb3 Qxb3 16. axb3 Nh5 17. Rad1 Rad8 18. g3 Nf6 19. Ba3 Ng4 20. fxg4 Bxc3
21. Rf1 Be5 22. Rd3 Rd7 23. Rfd1 Rfd8 24. Bc1 d5 25. exd5 cxd5 26. c5 d4 27.
Bf3 Bd5 28. Bxd5 Rxd5 29. b4 a5 30. Bd2 axb4 31. Bxb4 Ra8 32. Ba3 Ra4 33. Rc1
Kg7 34. g5 h6 35. gxh6+ Kxh6 36. Kg2 Bf6 37. Rf1 Kg7 38. Rc1 Rd8 39. c6 bxc6
40. Rxc6 Rda8 41. Bc5 Ra2+ 42. Kf3 Rxh2 43. Bxd4 Bxd4 44. Rxd4 Ra3+ 45. Kf4
Rf2+ 46. Ke5 Rxg3 47. Rh4 Ra3 48. Kd6 Rf6+ 0-1

[Event "Accession B 2012/2013"]
[Site "Vitrolles"]
[Date "2012.10.20"]
[Round "2"]
[White "Madranges, Jean"]
[Black "Beraud, Robert"]
[Result "1-0"]
[WhiteElo "1831"]
[BlackElo "1735"]
[PlyCount "75"]

1. d4 Nf6 2. Nf3 g6 3. Nc3 d5 4. Bf4 Bg7 5. e3 Bg4 6. Be2 Bxf3 7. Bxf3 c6 8. h4
Nbd7 9. h5 h6 10. hxg6 fxg6 11. Qd3 Nf8 12. O-O-O Qd7 13. e4 dxe4 14. Nxe4
O-O-O 15. c3 Qf5 16. Bg3 N8d7 17. Rhe1 Nb6 18. Qe2 h5 19. Kb1 Nfd5 20. Ka1 Nf4
21. Bxf4 Qxf4 22. Nc5 Qf7 23. Qxe7 Qxe7 24. Rxe7 Bf8 25. Re5 Bxc5 26. Rxc5 Nd5
27. Bxd5 Rxd5 28. Rxd5 cxd5 29. Re1 Kd7 30. Re5 Rf8 31. f3 Kd6 32. Rg5 Rf6 33.
Kb1 Re6 34. Kc2 Re2+ 35. Kb3 Re6 36. f4 a6 37. Kb4 b6 38. b3 1-0

[Event "Accession B 2012/2013"]
[Site "Vitrolles"]
[Date "2012.11.10"]
[Round "3"]
[White "Parroco, Pierre-Jean"]
[Black "Savalle, Mathilde"]
[Result "1-0"]
[WhiteElo "1713"]
[BlackElo "1696"]
[PlyCount "85"]

1. e4 c5 2. Nc3 Nc6 3. g3 g6 4. Bg2 Bg7 5. d3 d6 6. Be3 Nf6 7. h3 O-O 8. Qd2
Rb8 9. Bh6 b5 10. h4 Nd4 11. Bxg7 Kxg7 12. Nce2 Ne6 13. f4 h5 14. Bf3 Rh8 15.
c3 b4 16. d4 bxc3 17. bxc3 Ba6 18. d5 Nc7 19. Nh3 Rb6 20. O-O Qb8 21. Rfc1 Qb7
22. c4 Rb4 23. e5 Nd7 24. exd6 exd6 25. Ng5 Bxc4 26. a3 Ra4 27. Rcb1 Qa6 28.
Qc3+ f6 29. Ne6+ Nxe6 30. dxe6 Bxe6 31. Qe3 Re8 32. Rb7 Kf8 33. f5 Bxf5 34.
Qh6+ Ke7 35. Qg7+ Kd8 36. Rab1 Rxa3 37. Rb8+ Kc7 38. R8b7+ Kc8 39. Rxd7 Rxf3
40. Rc7+ Kd8 41. Rb8+ Qc8 42. Rcxc8+ Bxc8 43. Qb7 1-0

[Event "Accession B 2012/2013"]
[Site "Vitrolles"]
[Date "2012.11.10"]
[Round "3"]
[White "Beraud, Robert"]
[Black "Muhajiz, Gibran"]
[Result "0-1"]
[WhiteElo "1735"]
[BlackElo "1444"]
[PlyCount "92"]

1. e4 e5 2. Nf3 Nc6 3. Bb5 a6 4. Ba4 Nf6 5. O-O b5 6. Bb3 Be7 7. c3 d6 8. h3
Na5 9. Bc2 c5 10. Re1 O-O 11. d4 Qc7 12. d5 Bd7 13. b3 c4 14. b4 Nb7 15. Nbd2
a5 16. Nf1 axb4 17. cxb4 h6 18. Ne3 Qc8 19. Qe2 Ne8 20. g4 h5 21. Nh2 Bg5 22.
f3 Bf4 23. Nhf1 Nf6 24. Nd2 Nh7 25. Kg2 Re8 26. Nb1 Nf8 27. Nc3 h4 28. Qd1 Ng6
29. Ne2 c3 30. Qd3 Nd8 31. Nxc3 Bg3 32. Qd2 Nf4+ 33. Kh1 Bxe1 34. Qxe1 f6 35.
Kh2 Nf7 36. Ne2 Ng5 37. Ng1 Nfxh3 38. Qf1 Nxg1 39. Kxg1 Kf7 40. Bb2 Rh8 41. Bb3
h3 42. Kh2 Qa6 43. Rc1 Rac8 44. Rxc8 Rxc8 45. a4 Qb6 46. Qe2 bxa4 0-1

[Event "Accession B 2012/2013"]
[Site "Vitrolles"]
[Date "2012.11.10"]
[Round "3"]
[White "Charvein, Gabriel"]
[Black "Madranges, Jean"]
[Result "1-0"]
[WhiteElo "1813"]
[BlackElo "1831"]
[PlyCount "51"]

1. Nf3 e6 2. g3 f5 3. Bg2 Nf6 4. d4 Be7 5. c4 O-O 6. O-O Ne4 7. Nc3 Bf6 8. Qc2
d5 9. Bf4 c6 10. Rad1 g5 11. Be5 Nd7 12. Bxf6 Qxf6 13. Ne1 Qh6 14. f3 Nef6 15.
e4 dxe4 16. Qe2 f4 17. Nxe4 Nh5 18. Nd3 Ndf6 19. Ndf2 b6 20. Nxf6+ Nxf6 21.
Rfe1 fxg3 22. hxg3 Nh5 23. Ng4 Qg7 24. Kh2 Qc7 25. Qe5 Qe7 26. Nh6# 1-0

[Event "Accession B 2012/2013"]
[Site "Vitrolles"]
[Date "2012.12.01"]
[Round "4"]
[White "Arthaud, Geoffrey"]
[Black "Joubert, Leo"]
[Result "0-1"]
[WhiteElo "1630"]
[BlackElo "1734"]
[PlyCount "68"]

1. d4 Nf6 2. c4 e6 3. Nc3 Bb4 4. Qc2 Nc6 5. Nf3 h6 6. Bd2 d6 7. a3 Bxc3 8. Bxc3
O-O 9. e3 Qe7 10. Bd3 e5 11. dxe5 dxe5 12. Be4 Nxe4 13. Qxe4 Re8 14. O-O Qf6
15. Nd2 Bf5 16. Qf3 Qg6 17. Rad1 Bg4 18. Qg3 Bxd1 19. Qxg6 fxg6 20. Rxd1 Rad8
21. Kf1 e4 22. b4 Rd3 23. Rc1 Ne5 24. Ke2 Rd7 25. Bd4 Nc6 26. Bc3 Nb8 27. Bd4
b6 28. Nb3 Nc6 29. Bb2 Red8 30. Rc3 a5 31. bxa5 Nxa5 32. Bc1 Nxb3 33. Rxb3 Rd3
34. Rb4 Rc3 0-1

[Event "Accession B 2012/2013"]
[Site "Vitrolles"]
[Date "2012.12.01"]
[Round "4"]
[White "Madranges, Jean"]
[Black "Scamaroni, Jean-Paul"]
[Result "1-0"]
[WhiteElo "1831"]
[BlackElo "1678"]
[PlyCount "101"]

1. e4 g6 2. Nc3 Bg7 3. Bc4 c6 4. Qf3 e6 5. Nge2 Ne7 6. d4 d5 7. Bb3 O-O 8. Bg5
Qd7 9. Bf6 b5 10. e5 a5 11. Bxg7 Kxg7 12. Qf6+ Kg8 13. a3 a4 14. Ba2 Na6 15. h4
Qd8 16. g4 Bd7 17. h5 Nc8 18. g5 Qxf6 19. gxf6 c5 20. hxg6 fxg6 21. dxc5 Nxc5
22. O-O-O Rb8 23. Rh6 Nb6 24. Rdh1 Rf7 25. Nf4 Rb7 26. Nxg6 Bc6 27. Ne7+ Rbxe7
28. fxe7 Rxe7 29. Rg1+ Rg7 30. Rxg7+ Kxg7 31. Rh4 Nc4 32. Bxc4 dxc4 33. Ne2 Bd7
34. Nd4 Na6 35. c3 Nc7 36. Kd2 Nd5 37. Ne2 Ne7 38. Rg4+ Ng6 39. Nf4 Kf7 40.
Nxg6 hxg6 41. Ke3 Be8 42. Kd4 Ke7 43. Kc5 Kf8 44. Kd6 Bf7 45. Rf4 Kg7 46. Rf6
g5 47. Kc5 Be8 48. Rxe6 Kf7 49. Rxe8 Kxe8 50. Kxb5 Kd7 51. Kxc4 1-0

[Event "Accession B 2012/2013"]
[Site "Vitrolles"]
[Date "2012.12.01"]
[Round "4"]
[White "Parroco, Pierre-Jean"]
[Black "Beraud, Robert"]
[Result "1-0"]
[WhiteElo "1713"]
[BlackElo "1735"]
[PlyCount "75"]

1. e4 c5 2. Nc3 Nc6 3. g3 g6 4. Bg2 Bg7 5. d3 d6 6. Be3 e5 7. Qd2 Nge7 8. Bh6
O-O 9. h4 Bxh6 10. Qxh6 f6 11. Nge2 Nd4 12. Qd2 Bg4 13. Nxd4 cxd4 14. Ne2 Qb6
15. c4 Bxe2 16. Kxe2 a5 17. b3 Qb4 18. a3 Qxd2+ 19. Kxd2 Nc6 20. Bh3 f5 21.
exf5 gxf5 22. Rae1 Rae8 23. Re2 Kg7 24. Rhe1 Kf6 25. Bg2 Re7 26. Rg1 h6 27. Bd5
Nb8 28. f4 b6 29. g4 Nd7 30. gxf5 Rg7 31. Rxg7 Kxg7 32. Rg2+ Kf6 33. Be6 Nc5
34. Rg6+ Ke7 35. fxe5 dxe5 36. b4 axb4 37. axb4 Nd7 38. Rg7+ 1-0

[Event "Accession B 2012/2013"]
[Site "Vitrolles"]
[Date "2012.11.07"]
[Round "4"]
[White "Muhajiz, Gibran"]
[Black "Charvein, Gabriel"]
[Result "0-1"]
[WhiteElo "1444"]
[BlackElo "1813"]
[PlyCount "82"]

1. e4 g6 2. Nf3 Bg7 3. d4 d6 4. Bc4 Nf6 5. Nc3 O-O 6. h3 Nc6 7. O-O e5 8. d5
Ne7 9. Be3 h6 10. Qd2 Kh7 11. Ne1 Nxe4 12. Nxe4 f5 13. Ng5+ hxg5 14. Bxg5 Bf6
15. h4 Bxg5 16. Qxg5 Ng8 17. Nf3 Nf6 18. Nd2 c6 19. dxc6 bxc6 20. f4 e4 21.
Rfe1 d5 22. Be2 Qb6+ 23. Kh1 Qxb2 24. h5 gxh5 25. Bxh5 Nxh5 26. Qxh5+ Kg7 27.
Qg5+ Kf7 28. Qh5+ Ke7 29. Qh7+ Kd6 30. Qg6+ Qf6 31. Qg3 Rh8+ 32. Kg1 Qd4+ 33.
Qe3 Qxe3+ 34. Rxe3 d4 35. Rg3 Be6 36. Rg6 Rag8 37. Nc4+ Kd5 38. Ne5 Rxg6 39.
Nxg6 Rb8 40. Ne7+ Kd6 41. Ng6 Rb2 0-1

[Event "Accession B 2012/2013"]
[Site "Vitrolles"]
[Date "2012.12.15"]
[Round "5"]
[White "Joubert, Leo"]
[Black "Madranges, Jean"]
[Result "0-1"]
[WhiteElo "1734"]
[BlackElo "1831"]
[PlyCount "58"]

1. d4 e6 2. c4 f5 3. Nc3 Nf6 4. Nf3 Bb4 5. Bd2 b6 6. e3 Bb7 7. Be2 Bxc3 8. Bxc3
O-O 9. b3 Ne4 10. Bb2 d6 11. O-O Nd7 12. Nd2 Qg5 13. f4 Qh6 14. Nxe4 Bxe4 15.
Bf3 Nf6 16. d5 Bxf3 17. Rxf3 Ne4 18. Rh3 Qg6 19. dxe6 Qxe6 20. Qh5 Qg6 21. Qh4
Rae8 22. Rf1 h6 23. Rff3 Qg4 24. Qe1 Re7 25. Rh4 Qg6 26. h3 Qe6 27. g4 g5 28.
fxg5 Nxg5 29. Rg3 f4 0-1

[Event "Accession B 2012/2013"]
[Site "Vitrolles"]
[Date "2012.12.15"]
[Round "5"]
[White "Beraud, Robert"]
[Black "Savalle, Mathilde"]
[Result "1-0"]
[WhiteElo "1735"]
[BlackElo "1696"]
[PlyCount "63"]

1. e4 c5 2. Nc3 Nc6 3. g3 g6 4. Bg2 Bg7 5. d3 d6 6. f4 Nf6 7. Nf3 O-O 8. O-O a6
9. h3 Bd7 10. Be3 Rc8 11. g4 b5 12. a3 Rb8 13. Qe1 b4 14. axb4 Nxb4 15. Qf2 e6
16. b3 Nxg4 17. hxg4 Bxc3 18. Rad1 Nc6 19. e5 dxe5 20. Bxc5 Re8 21. Bd6 Rb5 22.
Bxe5 Nxe5 23. fxe5 Qe7 24. d4 Rbb8 25. Qe3 Ba5 26. Ng5 Rf8 27. Ne4 Kg7 28. Nf6
Bc8 29. Rf3 h6 30. Rh3 Rh8 31. Kf2 Qc7 32. Ne8+ 1-0

[Event "Accession B 2012/2013"]
[Site "Vitrolles"]
[Date "2012.12.15"]
[Round "5"]
[White "Figier, Anthony"]
[Black "Arthaud, Geoffrey"]
[Result "1-0"]
[WhiteElo "1764"]
[BlackElo "1630"]
[PlyCount "73"]

1. e4 c6 2. d4 d5 3. Nc3 dxe4 4. Nxe4 Bf5 5. Ng3 Bg6 6. h4 h6 7. h5 Bh7 8. Bd3
Bxd3 9. Qxd3 e6 10. Bd2 Nf6 11. O-O-O a5 12. c4 Bb4 13. f4 Na6 14. f5 Nc5 15.
Qe2 Qxd4 16. Bxh6 Qg4 17. Qxg4 Nxg4 18. Bxg7 Rh7 19. h6 Nf2 20. a3 Nxh1 21.
Nxh1 Nb3+ 22. Kc2 Bf8 23. Bxf8 Kxf8 24. Kxb3 Rxh6 25. Nf3 exf5 26. Ng3 f4 27.
Ne2 a4+ 28. Kb4 b6 29. Nxf4 Rf6 30. g3 c5+ 31. Kc3 Re8 32. Rd3 Rh6 33. Nd5 Re2
34. g4 Rh1 35. Rd2 Re6 36. Rf2 Rh7 37. Ng5 1-0

[Event "Accession B 2012/2013"]
[Site "Vitrolles"]
[Date "2012.12.15"]
[Round "5"]
[White "Charvein, Gabriel"]
[Black "Parroco, Pierre-Jean"]
[Result "1-0"]
[WhiteElo "1813"]
[BlackElo "1713"]
[PlyCount "49"]

1. d4 d5 2. c4 e6 3. Nc3 Nf6 4. Nf3 b6 5. cxd5 exd5 6. Bg5 Be7 7. e3 h6 8. Bh4
O-O 9. h3 Bb7 10. Bd3 Nbd7 11. O-O c5 12. Rc1 Rc8 13. Bf5 g6 14. Bb1 Re8 15.
Re1 Bd6 16. Ne2 Qc7 17. Bg3 Bxg3 18. Nxg3 Qd6 19. dxc5 bxc5 20. e4 d4 21. b4
Ne5 22. bxc5 Nxf3+ 23. Qxf3 Rxc5 24. Rxc5 Qxc5 25. Qxf6 1-0

[Event "Accession B 2012/2013"]
[Site "Vitrolles"]
[Date "2012.12.15"]
[Round "5"]
[White "Scamaroni, Jean-Paul"]
[Black "Muhajiz, Gibran"]
[Result "1-0"]
[WhiteElo "1678"]
[BlackElo "1444"]
[PlyCount "89"]

1. d4 d5 2. c4 e6 3. Nc3 Nf6 4. Bg5 Be7 5. e3 h6 6. Bh4 Nc6 7. Nf3 O-O 8. Rc1
dxc4 9. Bxc4 Nd7 10. Bg3 Nb6 11. Bd3 Nd5 12. O-O Nxc3 13. Rxc3 Bb4 14. Rc4 Bd7
15. a3 Bd6 16. Bxd6 cxd6 17. Rc3 Re8 18. Bb1 e5 19. dxe5 dxe5 20. Qc2 f5 21.
Rd1 e4 22. Nd4 Nxd4 23. Rxd4 Rc8 24. Qb3+ Kh8 25. Qxb7 Rxc3 26. bxc3 Re7 27.
Qxa7 Qc8 28. Qa5 Qb8 29. Qb4 Qe5 30. Ba2 Bc6 31. Qc4 Qb8 32. Qxc6 Qb2 33. Qc8+
Kh7 34. Qxf5+ g6 35. Bg8+ Kh8 36. Qg4 Qxc3 37. h3 Qe1+ 38. Kh2 Qxf2 39. Qxg6
Qf8 40. Bd5 Qb8+ 41. Qg3 Qf8 42. Bxe4 Rg7 43. Qe5 Kg8 44. Qd5+ Rf7 45. Bg6 1-0

[Event "Accession B 2012/2013"]
[Site "Vitrolles"]
[Date "2013.01.19"]
[Round "6"]
[White "Beraud, Robert"]
[Black "Charvein, Gabriel"]
[Result "1/2-1/2"]
[WhiteElo "1735"]
[BlackElo "1806"]
[PlyCount "98"]

1. e4 e5 2. Nf3 d6 3. d4 exd4 4. Qxd4 Nc6 5. Bb5 Bd7 6. Qd1 Nf6 7. Nc3 Ne5 8.
Bxd7+ Nexd7 9. O-O g6 10. Re1 Bg7 11. Bg5 O-O 12. Qd2 Re8 13. Rad1 Ne5 14. Qe2
h6 15. Bh4 Nxf3+ 16. Qxf3 g5 17. Bg3 Qe7 18. h4 g4 19. Qf4 Qe6 20. Qe3 Nh5 21.
Nd5 Rac8 22. Nf4 Nxf4 23. Bxf4 a6 24. Rd5 Qg6 25. h5 Qe6 26. c3 Rcd8 27. Qd2
Kh7 28. Qd3 Kh8 29. a3 Qf6 30. Qg3 Qe6 31. Qd3 Qf6 32. Qe3 c6 33. Rd3 d5 34. e5
Qe6 35. Qd2 Kg8 36. c4 f6 37. Bxh6 fxe5 38. Bxg7 Kxg7 39. Qg5+ Kh7 40. Rg3 dxc4
41. Qg6+ Qxg6 42. hxg6+ Kxg6 43. Rxg4+ Kf5 44. Rxc4 Rd2 45. Rb4 b5 46. Kf1 Rh8
47. Kg1 Rhd8 48. Rbe4 R8d5 49. b4 Ra2 1/2-1/2

[Event "Accession B 2012/2013"]
[Site "Vitrolles"]
[Date "2013.01.19"]
[Round "6"]
[White "Savalle, Mathilde"]
[Black "Arthaud, Geoffrey"]
[Result "1-0"]
[WhiteElo "1677"]
[BlackElo "1630"]
[PlyCount "105"]

1. e4 c6 2. d4 d5 3. Nc3 dxe4 4. Nxe4 Bf5 5. Ng3 Bg6 6. h4 h6 7. h5 Bh7 8. Nf3
Nd7 9. Bd3 Bxd3 10. Qxd3 e6 11. Bd2 Ngf6 12. O-O-O Be7 13. Ne4 O-O 14. Rdg1 c5
15. g4 cxd4 16. Qxd4 Rc8 17. g5 Nxe4 18. Qxe4 hxg5 19. Bxg5 Bxg5+ 20. Nxg5 Nf6
21. Qe2 Qa5 22. a3 Rc5 23. f4 Qc7 24. Rh4 Rc8 25. c3 Nd5 26. Ne4 Nxf4 27. Qf3
Rf5 28. Qg4 Qe5 29. Nd6 Ne2+ 30. Kb1 Nxg1 31. Nxc8 Rg5 32. Qc4 Qc5 33. Qxc5
Rxc5 34. Nxa7 Ne2 35. Kc2 Rd5 36. Rb4 Nf4 37. Rxf4 Rxh5 38. Rb4 Rd5 39. Rd4 f5
40. Rxd5 exd5 41. Kd3 Kf7 42. Nb5 Kf6 43. Nd4 f4 44. b4 g5 45. a4 g4 46. a5 Ke5
47. b5 Kd6 48. c4 dxc4+ 49. Kxc4 f3 50. Kd3 f2 51. Ke2 Kc5 52. Kxf2 Kxd4 53. a6
1-0

[Event "Accession B 2012/2013"]
[Site "Vitrolles"]
[Date "2013.01.19"]
[Round "6"]
[White "Madranges, Jean"]
[Black "Figier, Anthony"]
[Result "0-1"]
[WhiteElo "1815"]
[BlackElo "1773"]
[PlyCount "36"]

1. d4 d5 2. Bf4 Nf6 3. e3 c5 4. c3 Nc6 5. Nd2 Qb6 6. Qb3 c4 7. Qc2 g6 8. f3 Nh5
9. Bg5 h6 10. Bh4 e5 11. g4 exd4 12. exd4 Ng7 13. a3 h5 14. Nxc4 dxc4 15. Qe4+
Ne7 16. Bxc4 hxg4 17. Bxe7 Bxe7 18. O-O-O Bf5 0-1

[Event "Accession B 2012/2013"]
[Site "Vitrolles"]
[Date "2013.01.19"]
[Round "6"]
[White "Parroco, Pierre-Jean"]
[Black "Scamaroni, Jean-Paul"]
[Result "1-0"]
[WhiteElo "1713"]
[BlackElo "1684"]
[PlyCount "89"]

1. e4 c5 2. Nc3 Nc6 3. g3 g6 4. Bg2 Bg7 5. d3 Rb8 6. Be3 d6 7. Qd2 Nf6 8. Bh6
Bxh6 9. Qxh6 Nd4 10. Qd2 b5 11. Nce2 Nxe2 12. Nxe2 O-O 13. c3 Bb7 14. O-O Qc7
15. Rad1 Rfd8 16. f3 d5 17. Qc1 dxe4 18. dxe4 Rxd1 19. Rxd1 Rd8 20. Rd2 a5 21.
Qd1 Rxd2 22. Qxd2 Qd6 23. Qxd6 exd6 24. Kf2 Nd7 25. Ke3 f6 26. Bh3 Nf8 27. Nf4
Kf7 28. a3 g5 29. Ne2 h5 30. b4 axb4 31. axb4 Ke7 32. Bf5 Bc6 33. h4 Bd7 34.
Bxd7 Kxd7 35. f4 g4 36. f5 Kc6 37. Nf4 Nh7 38. Nxh5 d5 39. exd5+ Kxd5 40. Nf4+
Kc4 41. bxc5 Kxc5 42. Kd3 Nf8 43. h5 Nh7 44. h6 Ng5 45. Ne6+ 1-0

[Event "Accession B 2012/2013"]
[Site "Vitrolles"]
[Date "2013.01.19"]
[Round "6"]
[White "Muhajiz, Gibran"]
[Black "Joubert, Leo"]
[Result "1/2-1/2"]
[WhiteElo "1417"]
[BlackElo "1734"]
[PlyCount "76"]

1. e4 e5 2. Nf3 Nc6 3. Bc4 Bc5 4. Nc3 Nf6 5. d3 d6 6. Bg5 h6 7. Bxf6 Qxf6 8.
Nd5 Qd8 9. c3 Bg4 10. h3 Bxf3 11. Qxf3 O-O 12. b4 Bb6 13. O-O Ne7 14. Nxb6 axb6
15. d4 exd4 16. cxd4 Nc6 17. Qc3 Qf6 18. Rfd1 Rfe8 19. Bd5 Re7 20. Bxc6 bxc6
21. Qxc6 Rae8 22. f3 Qf4 23. Rd3 Kh8 24. a4 f5 25. Re1 fxe4 26. fxe4 Rxe4 27.
Rf1 Qg5 28. Qxc7 Re2 29. Qc6 d5 30. Rf2 R8e6 31. Qc8+ Kh7 32. Rdf3 Rxf2 33.
Rxf2 Re1+ 34. Kh2 Qe3 35. Qf5+ Kh8 36. Qc2 Qe4 37. Qd2 Ra1 38. Re2 Qb1 1/2-1/2

[Event "Accession B 2012/2013"]
[Site "Vitrolles"]
[Date "2013.02.02"]
[Round "7"]
[White "Scamaroni, Jean-Paul"]
[Black "Beraud, Robert"]
[Result "0-1"]
[WhiteElo "1684"]
[BlackElo "1735"]
[PlyCount "84"]

1. d4 Nf6 2. c4 g6 3. Nc3 Bg7 4. e4 d6 5. f4 O-O 6. Nf3 c5 7. d5 e6 8. Be2 exd5
9. cxd5 Bg4 10. O-O Nbd7 11. h3 Bxf3 12. Rxf3 Re8 13. Qc2 Qa5 14. Bd2 a6 15.
Kh2 Rab8 16. a4 Qc7 17. a5 Re7 18. Bf1 Rbe8 19. Re3 Nh5 20. Ree1 Bxc3 21. bxc3
Nhf6 22. e5 dxe5 23. g3 Nxd5 24. fxe5 Nxe5 25. Bg2 Qd7 26. Re4 Nc6 27. Rc4 Ne3
28. Bxe3 Rxe3 29. Rd1 Qe6 30. Rf4 Re2 31. Qd3 Qa2 32. Rg1 Qd2 33. Qc4 Ne5 34.
Qxc5 Nd3 35. Qd6 Nxf4 36. Qxf4 Qxf4 37. gxf4 Ra2 38. Kg3 Re3+ 39. Kh4 Rxc3 40.
Bxb7 Rxa5 41. Rd1 Rh5+ 42. Kg4 f5# 0-1

[Event "Accession B 2012/2013"]
[Site "Vitrolles"]
[Date "2013.02.02"]
[Round "7"]
[White "Joubert, Leo"]
[Black "Parroco, Pierre-Jean"]
[Result "1/2-1/2"]
[WhiteElo "1734"]
[BlackElo "1713"]
[PlyCount "49"]

1. d4 d5 2. c4 e6 3. Nc3 Nf6 4. cxd5 exd5 5. Bg5 Be7 6. e3 c6 7. Bd3 h6 8. Bf4
Bd6 9. Bxd6 Qxd6 10. h3 b6 11. Nf3 Ba6 12. O-O Bxd3 13. Qxd3 Nbd7 14. Rac1 O-O
15. a3 Rfe8 16. b4 b5 17. Nd2 a5 18. e4 Qf8 19. exd5 cxd5 20. Nxb5 axb4 21.
axb4 Qxb4 22. Rb1 Qf8 23. Rb3 Rec8 24. Rfb1 Nb6 25. Nd6 1/2-1/2

[Event "Accession B 2012/2013"]
[Site "Vitrolles"]
[Date "2013.02.02"]
[Round "7"]
[White "Figier, Anthony"]
[Black "Muhajiz, Gibran"]
[Result "1-0"]
[WhiteElo "1773"]
[BlackElo "1417"]
[PlyCount "79"]

1. d4 d5 2. c4 e6 3. Nc3 Nf6 4. cxd5 exd5 5. Bg5 Be7 6. e3 O-O 7. Bd3 h6 8. Bh4
Nc6 9. Nge2 Nb4 10. Bb1 Re8 11. O-O Bg4 12. f3 Bh5 13. Qb3 Nd7 14. Bf2 Nb6 15.
Nf4 Nc4 16. Re1 Nd2 17. Qd1 Nxb1 18. Qxb1 Bg6 19. Nxg6 fxg6 20. Qxg6 Rf8 21. a3
Rf6 22. Qb1 Nc6 23. Qa2 Kh8 24. Qxd5 Rd6 25. Qe4 Qd7 26. Rad1 Re8 27. Qc2 Bf6
28. Ne4 Qf5 29. Qb3 Rxe4 30. fxe4 Qxe4 31. Qxb7 Bh4 32. Bxh4 Qxh4 33. Qxc7 Rg6
34. Qf4 Qh3 35. Qf2 Qg4 36. e4 Rf6 37. Qg3 Qd7 38. d5 Ne7 39. Rf1 Rd6 40. Rf7
1-0

[Event "Accession B 2012/2013"]
[Site "Vitrolles"]
[Date "2013.02.19"]
[Round "8"]
[White "Charvein, Gabriel"]
[Black "Scamaroni, Jean-Paul"]
[Result "1/2-1/2"]
[WhiteElo "1837"]
[BlackElo "1672"]
[PlyCount "66"]

1. e4 c5 2. Nc3 Nc6 3. g3 d6 4. Bg2 e6 5. d3 Nf6 6. f4 Be7 7. Nf3 O-O 8. O-O a6
9. h3 Qc7 10. Be3 Rb8 11. g4 b5 12. Ne2 Bb7 13. f5 exf5 14. gxf5 Ne5 15. Qe1
Nxf3+ 16. Bxf3 Nd7 17. Qg3 Bf6 18. c3 Ne5 19. Nf4 Nxf3+ 20. Rxf3 Be5 21. Qg4
Rbd8 22. Nh5 g6 23. f6 Kh8 24. Bh6 Rfe8 25. Bg7+ Kg8 26. Qg5 d5 27. Qh6 Qd6 28.
exd5 Bxd5 29. Rf2 b4 30. Nf4 Ba8 31. Raf1 bxc3 32. bxc3 Bxc3 33. Bh8 Qf8
1/2-1/2